Armoiries des pays européens - Statistiques

Statistiques générales
  • Ce quiz a été pris 252 fois
  • Le résultat moyen est 33 sur 45
Statistiques - réponses
Par images Réponse % Correct
Suisse
100%
Autriche
98%
Albanie
96%
Croatie
96%
Portugal
96%
Allemagne
94%
Bosnie-Herzégovine
94%
Kosovo
94%
France
93%
Islande
93%
Espagne
91%
Malte
91%
Slovaquie
91%
Slovénie
91%
Biélorussie
87%
Irlande
87%
Ukraine
85%
Grèce
84%
Royaume uni
84%
Andorre
82%
Belgique
82%
Saint Marin
82%
Hongrie
80%
Vatican
80%
Serbie
78%
Pologne
76%
Moldavie
72%
Bulgarie
64%
Roumanie
63%
Russie
63%
Italie
60%
Luxembourg
59%
Pays-Bas
58%
Monténégro
57%
Lituanie
56%
Monaco
55%
Suède
54%
Norvège
53%
République Tchèque
53%
Finlande
44%
Estonie
42%
Danemark
41%
Macédoine du Nord
41%
Liechtenstein
39%
Lettonie
36%
Aucun quiz correspondant
Distribution des résultats
% des personnes avec chaque résultat
Percentile par nombre de réponses
Votre historique - résultats
Vous n’avez pas pris ce quiz